| 000 | 00813nam a2200217 a 4500 | ||
|---|---|---|---|
| 005 | 20230214064051.0 | ||
| 008 | 030401s2001 mx r 000 0 spa d | ||
| 020 | _a9706135510 | ||
| 035 | _aUPN01000123524 | ||
| 049 | _aCG | ||
| 050 | 4 |
_aHD58.8 _bC6.58 |
|
| 245 | 0 | 3 |
_aLa competencia en la era de la información : _bla alineación estratégica en la práctica / _ced. Jerry N. Luftman ; tr. Daniel Rey Díaz. |
| 260 |
_aMéxico : _bOxford University Press, _cc2001. |
||
| 300 | _axix, 421 p. | ||
| 534 |
_pTraducción de: _tCompeting in the information age : strategic alignment in practice |
||
| 650 | 4 |
_aCambio organizacional _94984 |
|
| 650 | 4 |
_aPlanificación estratégica _91106 |
|
| 650 | 4 |
_aTECNOLOGIA DE LA INFORMACION - _xADMINISTRACION _917548 |
|
| 700 | 1 |
_aLuftman, Jerry N., _eed. |
|
| 905 | _aLibro | ||
| 999 |
_c95704 _d95704 |
||